The metals databook / (Record no. 853)

MARC details
000 -LEADER
fixed length control field 00761nac a22002171u 4500
010 ## - LIBRARY OF CONGRESS CONTROL NUMBER
LC control number 97218568
020 ## - INTERNATIONAL STANDARD BOOK NUMBER
International Standard Book Number 0074623001
020 ## - INTERNATIONAL STANDARD BOOK NUMBER
International Standard Book Number 0074623001
082 00 - DEWEY DECIMAL CLASSIFICATION NUMBER
Classification number 620.16
Item number N331
090 ## - LOCALLY ASSIGNED LC-TYPE CALL NUMBER (OCLC); LOCAL CALL NUMBER (OCLC)
-- 853
-- 853
100 ## - MAIN ENTRY--PERSONAL NAME
Personal name Nayar, Alok.
245 14 - TITLE STATEMENT
Title The metals databook /
Statement of responsibility, etc Alok Nayar.
246 14 - VARYING FORM OF TITLE
Title proper/short title Metal databook
260 ## - PUBLICATION, DISTRIBUTION, ETC. (IMPRINT)
Place of publication, distribution, etc New Delhi :
Name of publisher, distributor, etc McGraw-Hill,
Date of publication, distribution, etc c1997.
300 ## - PHYSICAL DESCRIPTION
Extent 1 v. (various pagings) ;
Dimensions 25 cm.
504 ## - BIBLIOGRAPHY, ETC. NOTE
Bibliography, etc Includes bibliographical references and index.
650 #0 - SUBJECT ADDED ENTRY--TOPICAL TERM
Topical term or geographic name as entry element Metals
General subdivision Tables.
856 42 - ELECTRONIC LOCATION AND ACCESS
Materials specified Table of contents
Uniform Resource Identifier <a href="http://www.loc.gov/catdir/toc/mh022/97218568.html">http://www.loc.gov/catdir/toc/mh022/97218568.html</a>
942 ## - ADDED ENTRY ELEMENTS (KOHA)
Item type Book - Borrowing
Call number prefix 620.16N331
Holdings
Withdrawn status Item status Source of classification or shelving scheme Damaged status Not for loan Vendor Home library Current library Shelving location Date acquired Source of acquisition Cost, normal purchase price Total Checkouts Full call number Barcode Date last seen Cost, replacement price Koha item type
    Dewey Decimal Classification       Central Library Central Library First floor 06/08/2006   260.00   620.16 NAY 000003687 15/07/2025 325.00 Book - Borrowing